Pinocho con botas
Đã lưu trong:
| Tác giả chính: | |
|---|---|
| Định dạng: | Sách |
| Ngôn ngữ: | Tiếng Tây Ban Nha |
| Được phát hành: |
Ciudad de México
Fondo de Cultura Económica
1995
|
| Phiên bản: | 2a. ed |
| Loạt: | A la Orilla del Viento. Para los que Empiezan a Leer
|
| Những chủ đề: | |
| Các nhãn: |
Thêm thẻ
Không có thẻ, Là người đầu tiên thẻ bản ghi này!
|
MARC
| LEADER | 00000nam a2200000 a 4500 | ||
|---|---|---|---|
| 001 | UCG0167 | ||
| 003 | CL-VaPUC | ||
| 008 | 100312e19950000MX |||||||||||||||||spa|d | ||
| 020 | |a 968164753X | ||
| 082 | 0 | 4 | |a 853 |b MAL |2 21 |
| 100 | |a Malerba, Luigi |e autor |9 547560 | ||
| 245 | 1 | 0 | |a Pinocho con botas |
| 250 | |a 2a. ed | ||
| 300 | |a 63 p | ||
| 942 | |c BK | ||
| 945 | |d 20100312 00:00:00 |a cmena | ||
| 260 | |a Ciudad de México |b Fondo de Cultura Económica |c 1995 | ||
| 650 | 7 | |a CUENTOS ITALIANOS |2 CL-VaPUC |9 310431 | |
| 650 | 0 | |a Literatura italiana |9 266970 | |
| 650 | 0 | |a Cuentos infantiles |9 308044 | |
| 583 | |a last modification |c 20100312 00:00:00 |k Rodrigo Vera | ||
| 490 | 0 | |a A la Orilla del Viento. Para los que Empiezan a Leer | |
| 999 | |c 339914 |d 339912 | ||